000 00751nam a2200229Ia 4500
001 18105
003 GE_BSU
008 181216s||||||||xx |||||||||||||| ||und||
040 _cGE_BSU
080 _a821.353.1-92
100 _aმაჭავარიანი, ვლადიმერ
245 _aპუბლიცისტის დღიურიდან
245 _cრედ. გ. ნატროშილი
260 _aთბილისი
260 _bსაბჭ. მწერალი
260 _c1961
300 _a204გვ. ; 20სმ.
541 _h12ლ.
653 _aპუბლიცისტის დღიურიდან.
653 _aქართული ლიტერატურა
942 _cBK
999 _c51147
_d51147